I want to sleep under the stars! / (Record no. 353466)
[ view plain ]
| 000 -LEADER | |
|---|---|
| fixed length control field | 01360nam a22003498i 4500 |
| 001 - CONTROL NUMBER | |
| control field | BK0026329084 |
| 005 - DATE AND TIME OF LATEST TRANSACTION | |
| control field | 20200915153433.0 |
| 008 - FIXED-LENGTH DATA ELEMENTS--GENERAL INFORMATION | |
| fixed length control field | 200901s2020 nyu j 000 1 eng d |
| 010 ## - LIBRARY OF CONGRESS CONTROL NUMBER | |
| LC control number | bl2020033516 |
| 020 ## - INTERNATIONAL STANDARD BOOK NUMBER | |
| International Standard Book Number | 9781368053358 : HRD |
| Terms of availability | 12.99 |
| 020 ## - INTERNATIONAL STANDARD BOOK NUMBER | |
| International Standard Book Number | 1368053351 : HRD |
| Terms of availability | 12.99 |
| 037 ## - SOURCE OF ACQUISITION | |
| Source of stock number/acquisition | Disney-Hyperion, C/O Hachette Book Group USA 53 State st 9th Fl, Boston, MA, USA, 02109 |
| Note | SAN 200-2205 |
| 040 ## - CATALOGING SOURCE | |
| Original cataloging agency | NjBwBT |
| Language of cataloging | eng |
| Transcribing agency | NjBwBT |
| Description conventions | rda |
| 050 14 - LIBRARY OF CONGRESS CALL NUMBER | |
| Classification number | PZ7.W65535 |
| Item number | Iav 2020 |
| 082 04 - DEWEY DECIMAL CLASSIFICATION NUMBER | |
| Classification number | [E] |
| Edition number | 23 |
| 092 ## - LOCALLY ASSIGNED DEWEY CALL NUMBER (OCLC) | |
| Classification number | E |
| 100 1# - MAIN ENTRY--PERSONAL NAME | |
| Personal name | Willems, Mo, |
| Relator term | author, |
| -- | illustrator. |
| 9 (RLIN) | 6374333 |
| 245 10 - TITLE STATEMENT | |
| Title | I want to sleep under the stars! / |
| Statement of responsibility, etc | by Mo Willems. |
| 246 1# - VARYING FORM OF TITLE | |
| Display text | At head of title: |
| 246 1# - VARYING FORM OF TITLE | |
| Title proper/short title | Unlimited squirrels in |
| 246 3# - VARYING FORM OF TITLE | |
| Title proper/short title | Unlimited squirrels in I want to sleep under the stars! |
| 250 ## - EDITION STATEMENT | |
| Edition statement | First edition. |
| 264 #1 - Production, Publication, Distribution, Manufacture, and Copyright Notice. | |
| Place of production, publication, distribution, manufacture | New York, New York : |
| Name of producer, publisher, distributor, manufacturer | Hyperion Books For Children, an imprint of Disney Book Group, |
| Date of production, publication, distribution, manufacture, or copyr | 2020. |
| 300 ## - PHYSICAL DESCRIPTION | |
| Extent | pages cm. |
| 490 1# - SERIES STATEMENT | |
| Series statement | Unlimited squirrels |
| 520 ## - SUMMARY, ETC. | |
| Summary, etc | The Squirrel pals getting a bit overenthusiastic in their efforts to help Zoom Squirrel fulfill his dream of sleeping under the night stars. |
| 650 #1 - SUBJECT ADDED ENTRY--TOPICAL TERM | |
| Topical term or geographic name as entry element | Stars |
| Form subdivision | Fiction. |
| 9 (RLIN) | 5693397 |
| 650 #1 - SUBJECT ADDED ENTRY--TOPICAL TERM | |
| Topical term or geographic name as entry element | Sleep |
| Form subdivision | Fiction. |
| 9 (RLIN) | 5674960 |
| 650 #1 - SUBJECT ADDED ENTRY--TOPICAL TERM | |
| Topical term or geographic name as entry element | Squirrels |
| Form subdivision | Fiction. |
| 9 (RLIN) | 5674794 |
| 650 #1 - SUBJECT ADDED ENTRY--TOPICAL TERM | |
| Topical term or geographic name as entry element | Friendship |
| Form subdivision | Fiction. |
| 9 (RLIN) | 5673769 |
| 650 #1 - SUBJECT ADDED ENTRY--TOPICAL TERM | |
| Topical term or geographic name as entry element | Humorous stories. |
| 9 (RLIN) | 6374334 |
| Withdrawn status | Lost status | Source of classification or shelving scheme | Damaged status | Not for loan | Collection code | Home library | Current library | Shelving location | Date acquired | Source of acquisition | Total Checkouts | Total Renewals | Full call number | Barcode | Date last seen | Date checked out | Cost, replacement price | Price effective from | Koha item type |
|---|---|---|---|---|---|---|---|---|---|---|---|---|---|---|---|---|---|---|---|
| Dewey Decimal Classification | Children Picture Books | Wasatch County Library | Wasatch County Library | Main Floor Childrens Area | 02/24/2022 | Penworthy | 30 | 18 | E Willems | 34301001822206 | 02/03/2026 | 01/20/2026 | 12.99 | 02/24/2022 | BOOK |
